• 首页
  • 本馆介绍
  • 公告通知
  • 最新文献
  • 馆藏检索
  • 电子资源
  • 读者导购
  • 参考咨询
  • 我的图书馆
  • 登录
  • 详细信息显示
  • 放入我的书架
  • 预约/预借图书
  • 作者相关作品
  • 分类相关作品
  • 丛书相关作品
  • 出版社相关作品

书目信息

  • 表格格式
  • 工作单格式
  • 卡片格式
题名:
药用石斛丰产栽培技术
    
 
作者: 孙永玉 , 欧朝蓉 , 李昆 主编
分册:  
出版信息: 北京   中国林业出版社  2014
页数: 52页
开本: 21cm
丛书名:
单 册:
中图分类: S567.23
科图分类:
主题词: 石斛--高产栽培 , 石斛 , 高产栽培
电子资源:
ISBN: 978-7-5038-7687-5
000 01117nam0 2200289 450
001 012015000106
005 20151130094054.03
010    @a978-7-5038-7687-5@dCNY20.00
100    @a20141229d2014 em y0chiy50 ea
101 0  @achi
102    @aCN@b110000
105    @aa z 000yy
106    @ar
200 1  @a药用石斛丰产栽培技术@Ayao yong shi hu feng chan zai pei ji shu@f孙永玉,欧朝蓉,李昆主编
210    @a北京@c中国林业出版社@d2014
215    @a52页@c照片@d21cm
300    @a本书的出版得到林业公益性行业科研专项“金沙江河谷生态公益林结构调整与资源培育” 国家林业科学技术推广项目“药用石斛繁育与栽培关键技术推广示范”的联合资助
330    @a本书主要由7章构成,分别为药用石斛概况、石斛的生物特征和生产特点、繁殖技术、栽培与管理、常见栽培种的培育技术、病虫害防治、产品采集和处理加工。并在附录上增加了来自石斛生产的彩图。
606 0  @a石斛@x高产栽培
606 0  @a石斛
606 0  @a高产栽培
690    @aS567.23@v5
701  0 @a孙永玉@Asun yong yu@4主编
701  0 @a欧朝蓉@Aou chao rong@4主编
701  0 @a李昆@Ali kun@4主编
801  0 @aCN@b碧洲教育@c20151127
905    @a10447@f4@dS567.23@e63
    
    药用石斛丰产栽培技术/孙永玉,欧朝蓉,李昆主编.-北京:中国林业出版社,2014
    52页:照片;21cm
    本书的出版得到林业公益性行业科研专项“金沙江河谷生态公益林结构调整与资源培育” 国家林业科学技术推广项目“药用石斛繁育与栽培关键技术推广示范”的联合资助
    
    ISBN 978-7-5038-7687-5:CNY20.00
    本书主要由7章构成,分别为药用石斛概况、石斛的生物特征和生产特点、繁殖技术、栽培与管理、常见栽培种的培育技术、病虫害防治、产品采集和处理加工。并在附录上增加了来自石斛生产的彩图。
●
相关链接 在E读中查询图书 在五车中查询图书 在当当中查询图书 在豆瓣中查询图书


正题名:药用石斛丰产栽培技术     索取号:S567.23/63         预约/预借

序号 登录号 条形码 馆藏地/架位号 状态 备注
1 0871853   208718538   第二样本阅览室/ [索取号:S567.23/63] 在馆    
2 0871854   208718547   第三借阅区/ [索取号:S567.23/63] 在馆    
3 0871855   208718556   第三借阅区/ [索取号:S567.23/63] 在馆    
4 0871856   208718565   第三借阅区/ [索取号:S567.23/63] 在馆    
唐山师范学院图书馆 欢迎您!
大连网信软件有限公司© 版权所有